• 首页
  • 本馆介绍
  • 公告通知
  • 最新文献
  • 馆藏检索
  • 电子资源
  • 读者导购
  • 参考咨询
  • 我的图书馆
  • 登录
  • 详细信息显示
  • 放入我的书架
  • 预约/预借图书
  • 作者相关作品
  • 分类相关作品
  • 丛书相关作品
  • 出版社相关作品

书目信息

  • 表格格式
  • 工作单格式
  • 卡片格式
题名:
慈禧传
    
 
作者: 陈玉潇 编著
分册:  
出版信息: 西安   三秦出版社  2012.12
页数: 394页
开本: 24cm
丛书名: 帝王传大系
单 册:
中图分类: K827=52
科图分类:
主题词:
电子资源:
ISBN: 978-7-5518-0346-5
000 00725oam2 2200253 450
001 0102100425
005 20210402100822.0
010    @a978-7-5518-0346-5@dCNY39.80
100    @a20130403e20202012em y0chiy50 ea
101 0  @achi
102    @aCN@b610000
105    @ay z 000yb
106    @ar
200 1  @a慈禧传@Aci xi zhuan@f陈玉潇编著
210    @a西安@c三秦出版社@d2012.12@h2020.06
215    @a394页@d24cm
225 2  @a帝王传大系
330    @a本书讲述了慈禧的政治生活、历史功绩、家庭生活、情感轶事等。
461  0 @12001 @a帝王传大系
600  0 @a西太后@f(1835-1908)@x传记
690    @aK827=52@v5
701  0 @a陈玉潇@Achen yu xiao@4编著
801  0 @aCN@bBJSZM@c20210402
905    @b1276555-9@dK827=52@e1036@f5
    
    慈禧传/陈玉潇编著.-西安:三秦出版社,2012.12(2020.06)
    394页;24cm.-(帝王传大系)
    
    
    ISBN 978-7-5518-0346-5:CNY39.80
    本书讲述了慈禧的政治生活、历史功绩、家庭生活、情感轶事等。
●
相关链接 在E读中查询图书 在五车中查询图书 在当当中查询图书 在豆瓣中查询图书


正题名:慈禧传     索取号:K827=52/1036         预约/预借

序号 登录号 条形码 馆藏地/架位号 状态 备注
1 1276555   212765550   第二样本阅览室/ [索取号:K827=52/1036] 在馆    
2 1276556   212765569   教育系资料室/ [索取号:K827=52/1036] 在馆    
3 1276557   212765578   教育系资料室/ [索取号:K827=52/1036] 在馆    
4 1276558   212765587   第二借阅区/ [索取号:K827=52/1036] 在馆    
5 1276559   212765596   第二借阅区/ [索取号:K827=52/1036] 在馆    
唐山师范学院图书馆 欢迎您!
大连网信软件有限公司© 版权所有